EA College Football 25: Top 25 Schools - Statistics

General Stats
  • This quiz has been taken 204 times
  • The average score is 17 of 25
Answer Stats
Rank Answer Overall % Correct
4 Alabama 92
96%
5 Texas 92
95%
1 Georgia 95
94%
2 Ohio State 93
93%
11 Michigan 88
92%
3 Oregon 93
87%
9 Penn State 88
77%
14 Texas A&M 88
75%
8 LSU 90
73%
12 Florida State 88
72%
7 Notre Dame 90
72%
17 Oklahoma 87
71%
19 USC 87
70%
6 Clemson 90
69%
16 Colorado 87
65%
15 Ole Miss 88
62%
13 Miami 88
60%
22 Kansas 87
58%
23 Arizona 87
51%
25 Iowa 87
49%
24 Oklahoma State 87
48%
10 Utah 88
47%
18 Wisconsin 87
39%
20 Virginia Tech 87
30%
21 NC State 87
27%
No matching quizzes found
Score Distribution
Percent of People with Each Score
Percentile by Number Answered
Your Score History
You have not taken this quiz